000
00308nam a2200133Ia 4500
008
231129s1984||||xx |||||||||||||| ||spa||
040
_b
spa
082
_a
R 952.01 N882j
100
_a
Norton Leonard Jonathan
245
0
_a
Japon antiguo
260
_c
1984
264
_a
Time-Life Books
942
_2
ddc
_c
BKS
999
_c
16075
_d
16075